| 000 | 00000nam 2200000za 4500 |
| 001 | 9.846912 |
| 003 | CaOODSP |
| 005 | 20221107153321 |
| 007 | cr ||||||||||| |
| 008 | 171109s2017 oncbd |o f|0| 0 fre d |
| 040 | |aCaOODSP|bfre |
| 043 | |an-cn--- |
| 086 | 1 |aXC64-1/1-421-14F-PDF |
| 110 | 1 |aCanada. |bParlement. |bChambre des communes. |bComité permanent de la citoyenneté et de l'immigration. |
| 245 | 10|aImmigration au Canada atlantique |h[ressource électronique] : |ben avant vers l’avenir / |cle président, Robert Oliphant. |
| 260 | |a[Ottawa] : |bChambre des communes, |c2017. |
| 300 | |aix, 99 p. : |bgraphiques, carte. |
| 490 | 1 |aRapport du Comité permanent de la citoyenneté et de l'immigration ; |v14e rapport, 1re session, 42e législature |
| 500 | |aPubli. aussi en anglais sous le titre : Immigration to Atlantic Canada: moving to the future. |
| 500 | |a« Novembre 2017. » |
| 500 | |aDate originale de publication: 2017/11/09. Republié :2017/11/28, 2018/03/29, 2019/01/21, 2019/01/31. |
| 504 | |aComprend des références bibliographiques. |
| 520 | |a« Les quatre provinces de l’Atlantique ont dû faire face à un certain nombre d’obstacles au cours des récentes décennies : diminution de l’accroissement naturel de la population,baisse des niveaux d’immigration et augmentation de la migration interprovinciale. Selon les toutes dernières données de recensement, environ 20 % de la population duCanada atlantique est âgée de 65 ans et plus, ce qui explique les pénuries de main-d’oeuvre à court et à long terme. La population et les besoins en main-d’oeuvre diffèrent selon qu’il s’agit de régions rurales ou urbaines. Dans certains cas, les employeurs ont utilisé le Programme des travailleurs étrangers temporaires pour recruter la main-d’oeuvre requise »--Sommaire. |
| 692 | 07|2gccst|aRéfugié |
| 692 | 07|2gccst|aImmigration |
| 692 | 07|2gccst|aProvinces atlantiques |
| 700 | 1 |aOliphant, Robert. |
| 775 | 08|tImmigration to Atlantic Canada |w(CaOODSP)9.846910 |
| 830 | #0|aRapport du Comité permanent de la citoyenneté et de l'immigration ;|v14e rapport, 1re session, 42e législature|w(CaOODSP)9.503508 |
| 856 | 40|qPDF|s5.31 Mo|uhttps://publications.gc.ca/collections/collection_2017/parl/xc64-1/XC64-1-1-421-14-fra.pdf |